| 000 | 00809cam a22002414a 4500 | ||
|---|---|---|---|
| 001 | 2630510 | ||
| 005 | 20260311182656.0 | ||
| 008 | 990325s2000 caua b 001 0 eng | ||
| 020 |
_a053436991X _qInstructorʾs edition |
||
| 020 |
_a0534366988 _qStudent edition |
||
| 020 |
_a9780534366988 _q(Student edition) |
||
| 050 | 0 | 0 |
_aHV91 _b.Z37 2000 |
| 082 | 0 | 0 |
_a362 _221 |
| 100 | 1 | _aZastrow, Charles. | |
| 245 | 1 | 0 |
_aIntroduction to social work and social welfare / _cCharles Zastrow. |
| 250 | _a7th ed. | ||
| 260 |
_aBelmont, CA : _bBrooks/Cole : _bWadsworth Pub., _c2000. |
||
| 300 |
_axiv, 654 p. : _bill. ; _c24 cm. |
||
| 650 | 0 |
_aSocial service _zUnited States. |
|
| 650 | 0 |
_aSocial service _xVocational guidance _zUnited States. |
|
| 650 | 0 |
_aPublic welfare _zUnited States. |
|
| 942 |
_2lcc _cBK _e7th Ed. _n0 |
||
| 999 |
_c8955 _d8955 |
||